| 000 | 01143nam a2200289 i 4500 | ||
|---|---|---|---|
| 003 | EG-ScBUE | ||
| 005 | 20230918111100.0 | ||
| 008 | 110825s2003 ua a f 000 0 aara d | ||
| 020 | _a977270692X | ||
| 040 |
_aEG-ScBUE _bara _erda _cEG-ScBUE _dEG-ScBUE |
||
| 082 | 0 | 4 |
_222 _a909.097 _bد ر ا |
| 245 | 0 | 0 |
_aدراسات في التاريخ والثقافة العربية / _cتحرير عبادة كحيلة. |
| 250 | _aالطبعة الثانية. | ||
| 264 | 1 |
_aالقاهرة : _bالدار المصرية اللبنانية، _c2003. |
|
| 300 |
_a460 ، 65 ؛ صفحة _c24 سم. |
||
| 336 |
_2rdacontent _aنص _btxt |
||
| 337 |
_2rdamedia _aبدون وسيط _bn |
||
| 338 |
_2rdacarrier _aمجلد _bnc |
||
| 490 | _aكتاب تذكاري | ||
| 500 | _aأعلى صفحة الغلاف : إلى د. رءوف عباس بمناسبة بلوغه سن الستين | ||
| 650 | 0 |
_926925 _aالحضارة الإسلامية _xتاريخ |
|
| 650 | 7 |
_926924 _aالحضارة العربية _xتاريخ. _2BUEsh |
|
| 653 | _cAugust2011 | ||
| 655 | _vReading book | ||
| 700 | 1 | 7 |
_926927 _aكحيلة، عبادة _eمحرر. |
| 942 |
_2ddc _cBB |
||
| 999 |
_c15926 _d15926 |
||